Daft Punk - Digital Love Lyrics - Statistics

General Stats
  • This quiz has been taken 143 times
  • The average score is 112 of 143
Answer Stats
Lyrics % Correct
I
100%
a
99%
Last
99%
night,
99%
night
99%
you
99%
dream
96%
dream,
96%
had
96%
In
95%
this
95%
about
94%
About
94%
beside
91%
do
90%
Don't
90%
don't
90%
dancing
88%
right
88%
right,
88%
The
87%
the
87%
to
87%
we
87%
We
87%
And
84%
and
84%
I'm
84%
long
84%
Ooh,
84%
all
83%
was
83%
come
81%
feel
81%
it
78%
it,
78%
know
78%
little
78%
fun
77%
were
77%
what
77%
feeling
75%
so
75%
having
74%
As
73%
closer
73%
around
70%
stop,
70%
arms
69%
true
69%
is
68%
of
68%
stronger
68%
kind
66%
my
66%
like
65%
waited
65%
your
64%
gets
62%
put
62%
everyone
61%
nothing
61%
gone
60%
I've
60%
jam,
60%
just
60%
time
60%
wrong
60%
with
58%
shining
57%
There's
56%
looked
55%
sun
55%
Before
52%
Why
52%
knew
51%
play
51%
rhythm
51%
game?
49%
too
49%
wrap
49%
But
47%
suddenly,
45%
wish
44%
comes
43%
make
42%
You're
34%
We'll
32%
No matching quizzes found
Score Distribution
Percent of People with Each Score
Percentile by Number Answered
Your Score History
You have not taken this quiz